000 00443nam a2200145Ia 4500
003 OSt
005 20260123162948.0
008 211028s2017 xx 000 0 und d
040 _cAIMIT LIBRARY
041 _aeng
100 _aRebello, Ashmita Cleita; Dias, Beena.
_g1516018
_97595
245 _aStudy on employee job satisfaction and turnover intention in big bazaar Udupi /
260 _aMangalore
_bDr Beena Dias.
_c2017
942 _2ddc
_cPRO
999 _c219163
_d219163